000
00337nam a2200157Ia 4500
100
_a
Lawrence/David
650
_a
General
942
_c
BK
654
_a
commodore C16
245
_a
The working commodore C16
260
_b
Sunshine Books
_a
London
_c
1984
082
_a
1.6404
_b
LAW
300
_a
214
546
_a
ENGLISH
999
_c
24896
_d
24896